LEADER 01126nam0-22003851i-450- 001 990003787790403321 005 20101104191824.0 010 $a88-430-0380-1 035 $a000378779 035 $aFED01000378779 035 $a(Aleph)000378779FED01 035 $a000378779 100 $a20101104d1995----km-y0itay50------ba 101 0 $aita 102 $aIT 105 $ay-------001yy 200 1 $a<>tecniche del linguaggio giornalistico$fa cura di Gianni Faustini 210 $aRoma$cNIS$d1995 215 $a252 p.$ctab., fig.$d22 cm 225 1 $aStudi superiori NIS$iScienze politiche e sociali$v265 610 0 $aGiornalismo$aTecniche del linguaggio 610 0 $aGiornali$aLinguaggio 610 0 $aMezzi di informazione$aLinguaggio 676 $a808.066 07 676 $a070.4 702 1$aFaustini,$bGianni 801 0$aIT$bUNINA$gRICA$2UNIMARC 901 $aBK 912 $a990003787790403321 952 $a808.06607 FAU 1$b5666$fBFS 952 $aCOLLEZ. 971 (265)$b28384$fFSPBC 959 $aBFS 959 $aFSPBC 996 $aTecniche del linguaggio giornalistico$9506374 997 $aUNINA LEADER 05654nam 2200709Ia 450 001 9911006671603321 005 20200520144314.0 010 $a1-282-73768-6 010 $a9786612737688 010 $a0-08-094631-3 010 $a9786612002687 010 $a1-282-00268-6 010 $a9786612253171 010 $a1-59124-084-0 035 $a(CKB)111056552537456 035 $a(EBL)435302 035 $a(OCoLC)808805173 035 $a(SSID)ssj0000072179 035 $a(PQKBManifestationID)11110024 035 $a(PQKBTitleCode)TC0000072179 035 $a(PQKBWorkID)10095682 035 $a(PQKB)10186040 035 $a(MiAaPQ)EBC435302 035 $a(EXLCZ)99111056552537456 100 $a19960228d1996 uy 0 101 0 $aeng 135 $aur|n|---||||| 181 $ctxt 182 $cc 183 $acr 200 10$aHandbook of fire and explosion protection engineering principles for oil, gas, chemical, and related facilities /$fby Dennis P. Nolan 205 $a1st ed. 210 $aWestwood, N.J. $cNoyes Publications$dc1996 215 $a1 online resource (312 p.) 300 $aDescription based upon print version of record. 311 $a0-8155-1752-1 311 $a0-8155-1394-1 320 $aIncludes bibliographical references and index. 327 $aFront Cover; Handbook of Fire and Explosion Protection Engineering Principles for Oil, Gas, Chemical, and Related Facilities; Copyright Page; Contents; CHAPTER 1 INTRODUCTION; Historical Background; Legal Influences; Hazards and Their Prevention; Systems Approach; Fire Protection Engineering Role; Risk Management and Insurance; Senior Management Responsibility and Accountability; CHAPTER 2 OVERVIEW OF OIL AND GAS FACILITIES; Exploration; Production; Enhanced Oil Recovery (EOR); Secondary Recovery; Tertiary Recovery; Transportation; Refining; Typical Refinery Process Flow; Marketing 327 $aCHAPTER 3 PHILOSOPHY OF PROTECTION PRINCIPALSGeneral Philosophy; Worst Case Conditions; Independent Layers of Protection (ILP); Design Principles; Accountability and Auditability; CHAPTER 4 PHYSICAL PROPERTIES OF HYDROCARBONS; General; Characteristics of Hydrocarbons; Lower Explosive Limit (LEL)/Upper Explosive Limit (UEL); Flash Point (FP); Autoignition Temperature (AIT); Vapor Density; Vapor Pressure; Specific Gravity; Flammable; Combustible; Heat of Combustion; Description of Some Common Hydrocarbons; CHAPTER 5 CHARACTERISTICS OF HYDROCARBON RELEASES, FIRES AND EXPLOSIONS 327 $aHydrocarbon ReleasesGaseous Releases; Mists or Spray Releases; Liquid Releases; Nature and Chemistry of Hydrocarbon Combustion; Hydrocarbon Fires; Nature of Hydrocarbon Explosions; Semi-confined Explosion Overpressures; Vapor Cloud Explosion Overpressures; Boiling Liquid Expanding Vapor Explosions (BLEVE); Smoke and Combustion Gases; Mathematical Consequence Modeling; Methods of Flame Extinguishment; Selection of Fire Control and Suppression Methods; Terminology of Hydrocarbon Explosions and Fires; CHAPTER 6 HISTORICAL SURVEY OF FIRE AND EXPLOSIONS IN THE HYDROCARBON INDUSTRIES 327 $aRelevancy of IncidentsOffshore Oil Production and Exploration (USA); Summary; CHAPTER 7 RISK ANALYSIS; Safety Flow Chart; Risk Identification and Evaluation; Risk Acceptance Criteria; Relevant and Accurate Data Resources; CHAPTER 8 SEGREGATION, SEPARATION AND ARRANGEMENT; Segregation; Separation; Manned Facilities and Locations; Storage Facilities-Tanks; Process Units; Flares; Critical Utilities and Support Systems; Fire Zones; Arrangement; Facility Access and Egress; CHAPTER 9 GRADING, CONTAINMENT, AND DRAINAGE SYSTEMS; Drainage Systems; Surface Drainage; Spill Containment 327 $aCHAPTER 10 PROCESS CONTROLSHuman Observation; Instrumentation and Automation; Electronic Process Control; Process System Instrumentation and Alarms; Transfer and Storage Controls; Burner Management Systems; CHAPTER 11 EMERGENCY SHUTDOWN; Definition and Objective; Design Philosophy; Activation Mechanisms; Levels of Shutdown; Reliability and Fail Safe Logic; ESD/DCS Interfaces; Activation Points; Activation Hardware Features; Isolation Valve Requirements; Emergency Isolation Valves (EIV); Subsea Isolation Valves (SSIV); Protection Requirements; System Interactions 327 $aCHAPTER 12 DEPRESSURIZATION, BLOWDOWN AND VENTING 330 $aThe security and economic stability of many nations and multinational oil companies are highly dependent on the safe and uninterrupted operation of their oil, gas and chemical facilities. One of the most critical impacts that can occur to these operations are fires and explosions from accidental or political incidents. This publication is intended as a general engineering handbook and reference guideline for those personnel involved with fire and explosion protection aspects of critical hydrocarbon facilities. Design guidelines and specifications of major, small and independent oil companies a 606 $aChemical plants$xFires and fire prevention 606 $aPetroleum refineries$xFires and fire prevention 606 $aExplosions 615 0$aChemical plants$xFires and fire prevention. 615 0$aPetroleum refineries$xFires and fire prevention. 615 0$aExplosions. 676 $a660.2804 676 $a660/.2804 20 676 $a660.2804 700 $aNolan$b Dennis P$023146 801 0$bMiAaPQ 801 1$bMiAaPQ 801 2$bMiAaPQ 906 $aBOOK 912 $a9911006671603321 996 $aHandbook of fire and explosion protection engineering principles for oil, gas, chemical, and related facilities$91914603 997 $aUNINA